Country Letters Quiz Stats

Quiz not verified by Sporcle

Also try: Continent Pairs
Challenge
Share
Tweet
Embed
Score 0/131 Timer 10:00
0 Plays Today
Number of Letters Country % Correct
4Cuba
88.5%
4Iraq
87.7%
4Iran
87.7%
5China
87.4%
4Peru
87%
5Japan
87%
6France
87%
5Spain
86.6%
6Sweden
85.8%
4Chad
85.1%
4Oman
85.1%
5Egypt
84.3%
5India
84.3%
6Norway
84.3%
6Russia
83.9%
5Chile
83.5%
7Finland
83.5%
5Italy
83.1%
6Brazil
83.1%
7Germany
82.4%
6Canada
82%
4Togo
80.5%
4Laos
80.5%
5Kenya
80.5%
6Turkey
80.1%
4Mali
79.7%
6Israel
79.7%
7Ireland
79.7%
4Fiji
79.3%
6Mexico
79.3%
7Denmark
79.3%
5Niger
78.9%
5Libya
78.9%
5Haiti
78.2%
6Greece
78.2%
7Iceland
78.2%
5Yemen
77%
7Austria
77%
5Nepal
76.6%
6Latvia
76.2%
7Belgium
75.9%
7Nigeria
75.1%
5Sudan
74.7%
6Jordan
74.7%
Number of Letters Country % Correct
6Poland
74.3%
7Uruguay
74.3%
7Algeria
73.9%
7Morocco
73.9%
8Portugal
73.9%
7Vietnam
73.6%
5Syria
73.2%
7Andorra
72.8%
5Qatar
72.8%
7Jamaica
72.4%
5Ghana
72%
6Angola
72%
6Zambia
72%
6Uganda
71.6%
7Ukraine
71.6%
5Malta
70.9%
8Slovakia
70.9%
7Romania
70.5%
8Paraguay
70.5%
6Serbia
70.1%
6Rwanda
70.1%
7Estonia
70.1%
6Panama
69.7%
7Bolivia
69.3%
6Belize
68.6%
5Benin
67.4%
8Slovenia
67.4%
7Albania
67%
7Bahamas
67%
7Georgia
66.7%
8Cambodia
66.7%
6Guyana
66.3%
6Cyprus
66.3%
7Armenia
66.3%
6Kuwait
65.9%
6Guinea
65.9%
7Belarus
65.9%
7Lesotho
65.9%
6Bhutan
65.5%
6Malawi
64.8%
7Croatia
64.8%
7Lebanon
64.8%
6Monaco
64.4%
8Honduras
64.4%
Number of Letters Country % Correct
8Colombia
64.4%
7Ecuador
64%
8Thailand
63.6%
8Ethiopia
63.2%
5Tonga
62.8%
7Liberia
62.8%
7Tunisia
62.8%
5Samoa
62.5%
6Kosovo
62.5%
7Bahrain
62.5%
7Eritrea
62.5%
5Gabon
61.7%
5Nauru
61.3%
7Somalia
61.3%
6Tuvalu
60.5%
5Palau
60.2%
7Namibia
60.2%
8Djibouti
60.2%
8Pakistan
60.2%
6Taiwan
59.8%
6Gambia
59.4%
8Dominica
59.4%
8Bulgaria
59.4%
8Mongolia
59%
8Suriname
59%
7Senegal
58.2%
8Cameroon
58.2%
7Comoros
57.5%
7Moldova
57.5%
8Zimbabwe
57.1%
6Brunei
56.7%
8Malaysia
56.3%
8Sri Lanka
56.3%
7Myanmar
55.9%
7Vanuatu
55.6%
8Tanzania
55.6%
8Botswana
53.6%
8Barbados
52.9%
8Maldives
52.5%
7Grenada
52.1%
8Kiribati
51.7%
7Hungary
43.7%
7Burundi
33.7%

You're not logged in!

Compare scores with friends on all Sporcle quizzes.
Sign Up with Email
OR
Log In

You Might Also Like...

Show Comments

Extras

Top Quizzes Today


Score Distribution

Your Account Isn't Verified!

In order to create a playlist on Sporcle, you need to verify the email address you used during registration. Go to your Sporcle Settings to finish the process.